| 000 | 00920 a2200229 4500 | ||
|---|---|---|---|
| 999 |
_c10057 _d10057 |
||
| 020 | _a9780073127132 | ||
| 050 | 0 | 0 | _aHF5681PEN2007 |
| 100 | 1 | _aPenman, Stephen H. | |
| 245 | 1 | 0 |
_aFinancial statement analysis and security valuation / _cStephen H. Penman. |
| 250 | _a3rd ed. | ||
| 264 |
_aBoston, Mass. : _bMcGraw-Hill/Irwin, _c2007 |
||
| 300 |
_axxiv, 776 p. : _bill. ; |
||
| 500 | _aIncludes index. | ||
| 650 | 0 | _aFinancial statements. | |
| 650 | 0 | _aFinancial accounting | |
| 650 | 0 | _aFinancial Valuation | |
| 650 | 0 | _aInvestment and valuation | |
| 856 | 4 | 2 |
_3Publisher description _uhttp://www.loc.gov/catdir/enhancements/fy0626/2005056163-d.html |
| 856 | 4 | 1 |
_3Table of contents only _uhttp://www.loc.gov/catdir/enhancements/fy0626/2005056163-t.html |
| 856 | 4 | 2 |
_3Contributor biographical information _uhttp://www.loc.gov/catdir/enhancements/fy0737/2005056163-b.html |
| 942 |
_2lcc _cBK _e3rd ed. _h5681 _iPEN _kHF |
||